Is growth in automotives beneficial for Slovakia? an applied CGE model study

Prezentácia modelu všeobecnej rovnováhy otvorenej ekonomiky na príklade automobilového priemyslu Slovenskej republiky. Analýza dopadov zmien.

Na minha lista:
Detalhes bibliográficos
Autor principal: Miťková, Veronika
Formato: Capítulo de Livro
Idioma:inglês
Assuntos:
Tags: Adicionar Tag
Sem tags, seja o primeiro a adicionar uma tag!

MARC

LEADER 00000naa$a2200000$$$4500
001 0096307
005 20231102114123.4
041 0 |a eng 
044 |a SK 
245 1 0 |a Is growth in automotives beneficial for Slovakia?  |b an applied CGE model study  |c Veronika Miťková 
520 |a Prezentácia modelu všeobecnej rovnováhy otvorenej ekonomiky na príklade automobilového priemyslu Slovenskej republiky. Analýza dopadov zmien. 
610 2 0 |a výhody konkurenčné 
610 2 0 |a Slovensko 
610 2 0 |a priemysel automobilový 
610 2 0 |a štúdie prípadové 
610 2 0 |a analýza ekonomická 
610 2 0 |a rovnováha statická 
100 1 |a Miťková, Veronika